Australian Number Ones Of The 1990's - Statistics

General Stats
  • This quiz has been taken 36 times
  • The average score is 61 of 131
Answer Stats
Hint Answer % Correct
Gangsta's Paradise Coolio ft LV
100%
I Don't Want To Miss A Thing | Janie's Got A Gun Aerosmith
96%
Wonderwall Oasis
96%
Kiss From A Rose Seal
96%
Love Shack The B-52's
96%
Barbie Girl | Doctor Jones Aqua
93%
...Baby One More Time Britney Spears
93%
Vogue/Keep It Together Madonna
93%
U Can't Touch This MC Hammer
93%
Black Or White Michael Jackson
93%
Nothing Compares 2 U Sinead O'Connor
93%
I Will Always Love You Whitney Houston
93%
(Everything I Do) I Do It For You | Have You Ever Really Loved A Woman? | Please Forgive Me Bryan Adams
89%
Because You Loved Me | My Heart Will Go On | The Power Of Love Celine Dion
89%
Zombie The Cranberries
89%
Ice Ice Baby Vanilla Ice
89%
Something About The Way You Look Tonight/Candle In The Wind 97 Elton John
86%
Wannabe Spice Girls
86%
Achy Breaky Heart Billy Ray Cyrus
82%
Mmmbop Hanson
82%
I Would Do Anything For Love (But I Won't Do That) Meat Loaf
82%
I'm Too Sexy Right Said Fred
82%
All That She Wants | The Sign Ace Of Base
79%
Believe Cher
79%
Tubthumping Chumbawamba
79%
Under The Bridge Red Hot Chili Peppers
79%
It Must Have Been Love | Joyride Roxette
79%
Men In Black Will Smith
79%
That's The Way Love Goes Janet Jackson
75%
Don't Speak No Doubt
75%
No Scrubs TLC
75%
Iris Goo Goo Dolls
71%
Mambo No. 5 (A Little Bit Of...) Lou Bega
71%
Do The Bartman The Simpsons
71%
Killing Me Softly The Fugees
68%
Blaze Of Glory Jon Bon Jovi
64%
Are You Gonna Go My Way Lenny Kravitz
64%
Pretty Fly (For A White Guy) The Offspring
64%
I Touch Myself Divinyls
61%
Opposites Attract Paula Abdul
61%
Fastlove | Jesus To A Child George Michael
57%
To The Moon And Back | Truly Madly Deeply Savage Garden
57%
Boombastic Shaggy
57%
Unchained Melody The Righteous Brothers
57%
End Of The Road | I'll Make Love To You Boyz II Men
54%
Blue (Da Ba Dee) Eiffel 65
54%
Macarena Los Del Rio
54%
Let's Talk About Sex Salt-N-Pepa
54%
I'll Be Missing You Puff Daddy & Faith Evans ft 112
50%
The River Of Dreams Billy Joel
46%
Jump Kris Kross
46%
Hold Me, Thrill Me, Kiss Me, Kill Me | The Fly U2
46%
All For Love Bryan Adams, Rod Stewart & Sting
43%
You're Still The One Shania Twain
43%
Informer Snow
43%
(I Can't Help) Falling In Love With You UB40
43%
Mmm Mmm Mmm Mmm Crash Test Dummies
39%
Confide In Me Kylie Minogue
39%
Back For Good Take That
39%
Love Is All Around Wet Wet Wet
39%
Fantasy Mariah Carey
36%
The Grease Megamix Olivia Newton-John & John Travolta
36%
The Most Beautiful Girl In The World Prince
36%
I Swear All-4-One
32%
All I Wanna Do Sheryl Crow
32%
5,6,7,8 Steps
32%
Easy | Epic Faith No More
29%
To Be With You Mr Big
29%
Kiss Me Sixpence None The Richer
29%
The Horses Daryl Braithwaite
25%
Groove Is In The Heart Deee-Lite
25%
All I Wanna Do Is Make Love To You Heart
25%
I've Been Thinking About You Londonbeat
25%
How Bizarre OMC
25%
Never Ever All Saints
21%
If You Had My Love Jennifer Lopez
21%
Hazard Richard Marx
21%
It's Like That Run DMC vs Jason Nevins
21%
Bust A Move Young MC
21%
Mr Vain Culture Beat
18%
Until It Sleeps Metallica
18%
Freak | Tomorrow Silverchair
18%
Jukebox In Siberia Skyhooks
18%
Save The Best For Last Vanessa Williams
18%
Humpin' Around Bobby Brown
14%
Boom! Shake The Room DJ Jazzy Jeff & The Fresh Prince
14%
Saltwalter Julian Lennon
14%
Another Night Real McCoy
14%
The Cup Of Life/Maria Ricky Martin
14%
Cats In The Cradle Ugly Kid Joe
14%
Rollercoaster B*witched
11%
Crush Jennifer Paige
11%
All My Life K-Ci & JoJo
11%
Love... Thy Will Be Done Martika
11%
Last Kiss Pearl Jam
11%
Rush Big Audio Dynamite
7%
Amigos Para Siempre Jose Carreras & Sarah Brightman
7%
Falling Julee Cruise
7%
Read My Lips Melissa
7%
Don't Go Now | Tingles EP Ratcat
7%
Sucker DJ (A Witch For Love) Dimples D
4%
It's Alright East 17
4%
One Of Us Joan Osborne
4%
High Lightouse Family
4%
Mouth Merril Bainbridge
4%
Stayin' Alive N-Trance
4%
Marvellous! The Twelfth Man ft MCG Hammer
4%
Give It Up Cut 'N' Move
0%
Love You Right | One In A Million Euphoria
0%
Take It From Me Girlfriend
0%
Here's Johnny! Hocus Pocus
0%
Insensitive Jann Arden
0%
You Don't Treat Me No Good Sonia Dada
0%
No matching quizzes found
Score Distribution
Percent of People with Each Score
Percentile by Number Answered
Your Score History
You have not taken this quiz